000 01074cab a2200205 4500
001 ABS38970
008 090401t1988 xxu||||| |||| 00| 0 eng d
035 _a(Sirsi) u13552
041 _aeng
100 _aBell, C.
245 4 _aThe road to commonhold
260 _c1988
350 _a0
490 _aSolicitors` Journal
_v132(9) 4 March 1988, 285-287(3)
520 _aIn May 1986 a Law Commission working party was set up to study condominium schemes abroad and "to put forward a scheme to regulate relations between the owners of separate properties which lay in close proximity to each other and were interdependent". This resulted in the report published in July 1987, Commonhold: freehold flats and freehold ownership of other interdependent buildings ( CM 179 ). In this article the author examines the background to and the recommendations contained in the report and the consequences for conveyancers and solicitors if the recommendations were to become law.
650 _aLEASES
690 _aPROPERTY LAW AND PRACTICE
942 _n0
948 _c04/03/1997
999 _c8728
_d8728